Japanese trample on foreign rights in China. (Record no. 89836)

MARC details
000 -LEADER
fixed length control field 00732cam a22002171 4500
001 - CONTROL NUMBER
control field sd 40000053
003 - CONTROL NUMBER IDENTIFIER
control field DLC
005 - DATE AND TIME OF LATEST TRANSACTION
control field 20260227112733.0
008 - FIXED-LENGTH DATA ELEMENTS--GENERAL INFORMATION
fixed length control field 830110s1938 cc 000 0 eng c
010 ## - LIBRARY OF CONGRESS CONTROL NUMBER
LC control number sd 40000053
035 ## - SYSTEM CONTROL NUMBER
System control number (OCoLC)9116421
040 ## - CATALOGING SOURCE
Original cataloging agency U. S. Dept. of State Libr.
Transcribing agency CCC
Modifying agency CCC
-- DLC
042 ## - AUTHENTICATION CODE
Authentication code premarc
050 00 - LIBRARY OF CONGRESS CALL NUMBER
Classification number DS777.53
Item number .C58332 1938c
110 2# - MAIN ENTRY--CORPORATE NAME
Corporate name or jurisdiction name as entry element China Information Committee.
245 10 - TITLE STATEMENT
Title Japanese trample on foreign rights in China.
260 ## - PUBLICATION, DISTRIBUTION, ETC.
Place of publication, distribution, etc. Hankow, China,
Name of publisher, distributor, etc. Publ. by the China Information Committee;
Place of publication, distribution, etc. [Hong Kong,
Name of publisher, distributor, etc. Printed by South China Morning Post, Ltd.,
Date of publication, distribution, etc. 1938]
300 ## - PHYSICAL DESCRIPTION
Extent 1 p. l., 16 p.
Dimensions 25 cm.
650 #0 - SUBJECT ADDED ENTRY--TOPICAL TERM
Topical term or geographic name entry element Sino-Japanese War, 1937-1945.
651 #0 - SUBJECT ADDED ENTRY--GEOGRAPHIC NAME
Geographic name China
General subdivision Foreign population.

No items available.

Powered by Koha